| 000 | 01039nam a2200229 i 4500 | ||
|---|---|---|---|
| 001 | 157585 | ||
| 003 | ES-MaACL | ||
| 005 | 20250904044801.0 | ||
| 008 | 960320q1888 sp a |||| | spa d | ||
| 100 | 1 |
_aLesage, Alain-René, _d1668-1747 _971822 |
|
| 245 | 1 | 0 |
_aHistoria de Gil Blas de Santillana / _cescrita en francés por Lesage ; traducida al castellano por el Padre Isla ; anotada por Adolfo de Castro ; prólogo de Manuel Cañete. |
| 260 |
_aBarcelona : _bEspasa y Compañía, editores, _c[ca. 1888] |
||
| 300 |
_a2 v. : _bil. ; _c37 cm. |
||
| 596 | _aPalau, IV, 136402 fecha esta ed. en 1888. | ||
| 597 | _aVol. I (2 h., XLIII, 599 p., 13 h. de lam.) - vol. II (542 [i.e. 642] p., 16 h. de lám.) | ||
| 597 | _aError de pag. en el t. II: en última pag. consta 542 en vez de 642. | ||
| 700 | 1 |
_aIsla, José Francisco de. _965573 |
|
| 700 | 1 |
_aCastro, Adolfo de, _d1823-1898 _936824 |
|
| 700 | 1 |
_aCañete, Manuel, _d1822-1891 _934750 |
|
| 852 |
_aES-MaACL _jB-79-80 _z- Enc. pasta española |
||
| 999 |
_c157585 _d157585 |
||